000 00442nam a2200169 a 4500
001 6125
003 CO-ViMGA
008 141112s2004 ck r 000 u spa d
040 _aCO-ViMGA
_bspa
_cCO-ViMGA
082 0 4 _a813.54 H375m
100 1 _aHerman, Gail
_94768
245 1 0 _aEl mundo perdido :
_bnovela para chicos
260 _aBuenos Aires :
_bEmece,
_c1997
300 _a109 p
650 1 4 _aNOVELA ESTADOUNIDENSE
_9761
942 _2ddc
_cBK
999 _c18099
_d18099